Recursos per a l'estudi del medi / Gonçal Luna i Tomàs, Agnès Perelló i García ; programa informàtic a càrrec de Joan Ramon Grau i Mora
Descripción Física:
63 p. : amb map., 2 disquets ; 24 cm
Colección:
Manuals ; 5
Materias:
Política ambiental
MARC
| LEADER | 00000nam a2200000Ia 4500 | ||
|---|---|---|---|
| 001 | 9474 | ||
| 008 | 160829s1991 xx 000 0 cat d | ||
| 080 | |a C-1-254 | ||
| 100 | |a Luna, Gonçal |9 456 | ||
| 245 | |a Recursos per a l'estudi del medi / Gonçal Luna i Tomàs, Agnès Perelló i García ; programa informàtic a càrrec de Joan Ramon Grau i Mora | ||
| 260 | |a Barcelona : |b Diputació de Barcelona. Servei del Medi Ambient, |c 1991 | ||
| 300 | |a 63 p. : |b amb map., 2 disquets ; |c 24 cm | ||
| 490 | |a Manuals ; 5 | ||
| 650 | 0 | |a Política ambiental |9 25771 | |
| 700 | 1 | |a Perelló i García, Agnès |9 20673 | |
| 700 | |a Grau i Mora, Joan Ramon |9 27930 | ||
| 710 | 1 | |a Barcelona (Catalunya : Província). |b Servei de Medi Ambient |9 53475 | |
| 901 | |a Arxiu | ||
| 942 | |n 1 | ||
| 952 | |0 0 |1 0 |4 0 |6 C1254 |7 1 |9 41629 |a Arxiu |b Arxiu |d 2016-12-01 |l 0 |o C-1-254 |p 9474 |r 2016-12-01 00:00:00 |w 2016-12-01 |y ARXIU | ||
| 999 | |c 43519 |d 43519 | ||